| 000 | nam a22 a 4500 | ||
|---|---|---|---|
| 999 |
_c1706 _d1706 |
||
| 003 | AKMAL | ||
| 005 | 20170511142740.0 | ||
| 008 | 170511t1983 xxu 00 eng d | ||
| 020 | _a0316112232 | ||
| 040 | _aAKMAL | ||
| 082 | 0 | 4 | _a338.5 BRO |
| 090 | 0 | 0 |
_a338.5 _bBRO |
| 100 | 1 |
_aBrowning, Edgar K. _93519 |
|
| 245 | 1 | 0 |
_aMicroeconomics theory and applications / _cEdgar K.Browning and Jacquelene M.Browning |
| 260 |
_aBoston,USA : _bLittle Brown, _c1983 |
||
| 300 | 0 | 0 |
_axix, 583p. : _bill. ; _c24cm |
| 500 | _aIncludes index | ||
| 650 | 0 |
_aMicroeconomics _93267 |
|
| 700 | 1 |
_aBrowning, Jacquelene M. _93520 |
|
| 942 |
_2ddc _cBOOK |
||